01721cam a2200337 a 4500952017900000999001700179001000900196003000400205005001700209008004100226010001700267020001800284020002800302020003600330020002800366040001800394042000800412050002200420082001900442100002900461245009000490250001200580260005400592300006700646504007100713505047000784650002701254700002101281906004501302942003601347 00102ddc40708PSYCHOLOGYaMESbMEScPSYCHOLOGYd2021-09-08e35g891.00l5m4o150 PAS/Pp41190q2026-06-16r2026-06-02 15:31:38s2026-06-02v891.00w2021-09-08yBKzGL45R1 c41352d4135216230667OSt20210818112158.0100513s2011 nyuab b 001 0 eng  a 2010020291 a9781259097218 a0073532126 (alk. paper) a9780071221641 (hc : alk. paper) a0071221646 (alk. paper) aDLCcDLCdDLC apcc00aBF121b.P348 201100a150222bPAS/P aPasser, Michael W 9519810aPsychology :bthe science of mind and behavior /cMichael W. Passer, Ronald E. Smith. a5th ed. aNew York :bMcGraw-Hill Higher Education,cc2011. axxxiv, 673, SI-12 p. :bchiefly col. ill., col. maps ;c28 cm. aIncludes bibliographical references (p. R-1 and R-51) and indexes.0 aThe science of psychology -- Studying behavior scientifically -- Genes, environment, and behavior -- The brain and behavior -- Sensation and perception -- States of consciousness -- Learning: the role of experience -- Memory -- Language and thinking -- Intelligence -- Motivation and emotion -- Development over the life span -- Personality -- Health and well-being -- Psychological disorders -- Treatment of psychological disorders -- Social thinking and behavior. 0aPsychologyvTextbooks.1 aSmith, Ronald E. a7bcbccorignewd1eecipf20gy-gencatlg 2ddccBKh150iPAS/Pk150mPAS/P